Teacher-education programs debate the need for accrediting agency's stamp of approval (Record no. 77695)

MARC details
000 -CABECERA
campo de control de longitud fija 00613nam a2200205 a 4500
005 - FECHA Y HORA DE LA ÚLTIMA TRANSACCIÓN
campo de control 20210219153452.0
008 - ELEMENTOS DE LONGITUD FIJA--INFORMACIÓN GENERAL
campo de control de longitud fija 991125n 000 0 eng u
035 ## - NÚMERO DE CONTROL DEL SISTEMA
Número de control de sistema UPN01000101656
100 ## - ASIENTO PRINCIPAL--NOMBRE PERSONAL
Nombre de persona Nicklin, Julie L.
222 ## - TÍTULO CLAVE
Título clave CHRONICLE OF HIGHER EDUCATION
245 ## - MENCIÓN DE TÍTULO
Título Teacher-education programs debate the need for accrediting agency's stamp of approval
300 ## - DESCRIPCIÓN FÍSICA
Extensión A19, 22
362 ## - FECHAS DE PUBLICACIÓN Y/O DESIGNACIÓN SECUENCIAL
Fecha de publicación y/o designación secuencial 1992 38, no. 35
653 0# - TERMINO DE INDIZACION - NO CONTROLADO
Término no controlado ACREDITACION (INSTITUCIONES)
653 0# - TERMINO DE INDIZACION - NO CONTROLADO
Término no controlado AGENCIAS ACREDITADAS
653 0# - TERMINO DE INDIZACION - NO CONTROLADO
Término no controlado NORMAS
653 0# - TERMINO DE INDIZACION - NO CONTROLADO
Término no controlado PROGRAMAS DE EDUCACION A MAESTROS
904 ## - ELEMENTOS DE DATOS D LOCAL, LDD (RLIN)
a AC
b 039467
905 ## - TIPO DE MATERIAL
Tipo de material Articulo

No items available.